00342cam a22001217a 4500008004000000082002000040100002300060245005900083250001300142260003000155300001000185650002500195180718b1971 xxu||||| |||| 00| 0 eng d aF803x54 M314/71 aKrishna Mani, P.N. aElections, candidates and voterscby P.N. Krishna Mani arev. ed. aNew DelhibSterlingc1971 a130p. aElection law --India